Understanding frank Lloyd Wright's architecture (Record no. 85574)

MARC details
000 -LEADER
fixed length control field 00659nam a2200205Ia 4500
008 - FIXED-LENGTH DATA ELEMENTS--GENERAL INFORMATION
fixed length control field 191130s1995##################000#0#eng##
020 ## - INTERNATIONAL STANDARD BOOK NUMBER
ISBN 9780486283647
082 ## - DEWEY DECIMAL CLASSIFICATION NUMBER
Classification number 720.92 HOF
100 ## - MAIN ENTRY--AUTHOR NAME
Personal name Hoffmann, Donald
245 ## - TITLE STATEMENT
Title Understanding frank Lloyd Wright's architecture
Statement of responsibility, etc Donald Hoffmann
260 ## - PUBLICATION, DISTRIBUTION, ETC. (IMPRINT)
Place of publication Mineola, NY
Name of publisher Dover Publications
Year of publication 1995
300 ## - PHYSICAL DESCRIPTION
Number of Pages x, 102 p. : ill. ; 28 cm
500 ## - GENERAL NOTE
General note Includes bibliographical references and index
650 ## - SUBJECT ADDED ENTRY--TOPICAL TERM
Topical Term Wright, Frank Lloyd, 1867-1959 - Criticism and interpretation
991 ## -
-- 302397
Holdings
Withdrawn status Lost status Damaged status Not for loan Home library Current library Shelving location Date acquired Full call number Accession Number Price effective from Koha item type
        Anna Centenary Library Anna Centenary Library 6TH FLOOR, B WING 09.10.2020 720.92 HOF 445294 09.10.2020 English Books

Find us on the map